header

Rewriting Roman history in the Middle Ages (Record no. 7901)

MARC details
000 -LEADER
fixed length control field 02202nam a2200505 a 4500
001 - CONTROL NUMBER
control field ebr10270760
003 - CONTROL NUMBER IDENTIFIER
control field CaPaEBR
006 - FIXED-LENGTH DATA ELEMENTS--ADDITIONAL MATERIAL CHARACTERISTICS--GENERAL INFORMATION
fixed length control field m u
007 - PHYSICAL DESCRIPTION FIXED FIELD--GENERAL INFORMATION
fixed length control field cr cn|||||||||
008 - FIXED-LENGTH DATA ELEMENTS--GENERAL INFORMATION
fixed length control field 070710s2007 enk sbm 001 0 eng d
010 ## - LIBRARY OF CONGRESS CONTROL NUMBER
Canceled/invalid LC control number 2007277680
020 ## - INTERNATIONAL STANDARD BOOK NUMBER
Cancelled/invalid ISBN 9789004157101
Cancelled/invalid ISBN 9004157107
040 ## - CATALOGING SOURCE
Original cataloging agency CaPaEBR
Transcribing agency CaPaEBR
035 ## - SYSTEM CONTROL NUMBER
System control number (OCoLC)646788989
041 0# - LANGUAGE CODE
Language code of text/sound track or separate title eng
-- lat
043 ## - GEOGRAPHIC AREA CODE
Geographic area code e-it---
-- e------
-- ff-----
-- aw-----
-- e-gx---
050 14 - LIBRARY OF CONGRESS CALL NUMBER
Classification number DG465
Item number .K74 2007eb
082 04 - DEWEY DECIMAL CLASSIFICATION NUMBER
Classification number 937/.606072
Edition number 22
100 1# - MAIN ENTRY--PERSONAL NAME
Personal name Kretschmer, Marek Thue.
245 10 - TITLE STATEMENT
Title Rewriting Roman history in the Middle Ages
Medium [electronic resource] :
Remainder of title the 'Historia Romana' and the Manuscript Bamberg, Hist.3 /
Statement of responsibility, etc Marek Thue Kretschmer.
260 ## - PUBLICATION, DISTRIBUTION, ETC. (IMPRINT)
Place of publication, distribution, etc Leiden :
Name of publisher, distributor, etc Brill,
Date of publication, distribution, etc 2007.
300 ## - PHYSICAL DESCRIPTION
Extent x, 426 p.
490 1# - SERIES STATEMENT
Series statement Mittellateinische Studien und Texte ;
Volume number/sequential designation v.36
500 ## - GENERAL NOTE
General note Revised ed. of the author's doctoral dissertation presented at the University of Trondheim in 2006.
504 ## - BIBLIOGRAPHY, ETC. NOTE
Bibliography, etc Includes bibliographical references (p. [395]-408) and indexes.
533 ## - REPRODUCTION NOTE
Type of reproduction Electronic reproduction.
Place of reproduction Palo Alto, Calif. :
Agency responsible for reproduction ebrary,
Date of reproduction 2013.
Note about reproduction Available via World Wide Web.
-- Access may be limited to ebrary affiliated libraries.
546 ## - LANGUAGE NOTE
Language note Includes text in Latin.
630 00 - SUBJECT ADDED ENTRY--UNIFORM TITLE
Uniform title Historia Romana.
650 #0 - SUBJECT ADDED ENTRY--TOPICAL TERM
Topical term or geographic name as entry element Manuscripts, Latin (Medieval and modern)
Geographic subdivision Germany
-- Bamberg.
Topical term or geographic name as entry element Latin literature
General subdivision History and criticism.
Topical term or geographic name as entry element Literature, Medieval
General subdivision History and criticism.
Topical term or geographic name as entry element Historiography
General subdivision Methodology.
651 #0 - SUBJECT ADDED ENTRY--GEOGRAPHIC NAME
Geographic name Rome
General subdivision Foreign public opinion
-- History
Form subdivision Sources.
Geographic name Rome
General subdivision Historiography
Form subdivision Sources.
Geographic name Rome
General subdivision History
-- Early works to 1800
Form subdivision Sources.
Geographic name Bamberg (Germany)
General subdivision History
Form subdivision Sources.
Geographic name Germany
General subdivision History
Chronological subdivision To 843
Form subdivision Sources.
655 #7 - INDEX TERM--GENRE/FORM
Genre/form data or focus term Electronic books.
Source of term local
700 0# - ADDED ENTRY--PERSONAL NAME
Personal name Paul,
Titles and other words associated with a name the Deacon,
Dates associated with a name ca. 720-799?
Title of a work Historia Romana.
710 2# - ADDED ENTRY--CORPORATE NAME
Corporate name or jurisdiction name as entry element Staatsbibliothek Bamberg.
Form subheading Manuscript.
Number of part/section/meeting Msc. hist. 3.
Corporate name or jurisdiction name as entry element ebrary, Inc.
830 #0 - SERIES ADDED ENTRY--UNIFORM TITLE
Uniform title Mittellateinische Studien und Texte ;
Volume number/sequential designation Bd. 36.
856 40 - ELECTRONIC LOCATION AND ACCESS
Uniform Resource Identifier <a href="http://site.ebrary.com/lib/rucke/Doc?id=10270760">http://site.ebrary.com/lib/rucke/Doc?id=10270760</a>
Public note An electronic book accessible through the World Wide Web; click to view

No items available.

© 2026 Rongo University
Contact us: librarian | system librarian | Rongo university